000 00619nam a2200205 i 4500
001 183029
003 ES-MaACL
005 20250814063257.0
008 140114s2011 sp | |||||||| | spa d
020 _a978-84-9981-845-0
080 _a821.134.2-31"19"
100 1 _aSevylla de Juana, Pedro,
_d1946-
_9105937
245 1 3 _aLa boca del infierno /
_cPedro Sevylla de Juana.
250 _a1ยช ed.
260 _a[Madrid] :
_bBubok,
_cD.L. 2011.
300 _a252 p. ;
_c21 cm.
852 _aES-MaACL
_jA-12968
_9189962
_bR.149804
_cDEPO1
_dOlim: N-5968
942 _2udc
_cMONOGRAFIA
999 _c183029
_d183029